000 00941cad a22002295a 4500
001 L155438
008 120322s20120319 d f s 000 0 eng u
035 _a(Sirsi) u155438
041 0 _aeng
050 _a333.33 $2 18
110 2 _aRightmove
245 0 0 _aWill end of stamp duty holiday stifle promising start to 2012?
_h[electronic resource]
260 _aLondon
_bRightmove
_c2012
490 0 0 _aRightmove House Price Index
_vMarch 2012
520 _aNew sellers increase average asking prices by 1.6%. Questions whether the end of the stamp duty holiday on 24 March 2012 stifle the promising start to 2012. House prices in London hit an all time high.
590 _aKA
650 2 4 _aRIGHTMOVE HOUSE PRICE INDEX
651 4 _aUnited Kingdom
_y
690 _aResidential property
_96266
856 4 0 _uhttps://www.rightmove.co.uk/news/files/2012/03/march-2012.pdf
_zView the item free of charge at www.rightmove.co.uk
942 _n0
999 _c113573
_d113573